La escritura del instante: una poética de la temporalidad

Uloženo v:
Podrobná bibliografie
Hlavní autor: Cuesta Abad, José Manuel (Autor)
Médium: Kniha
Jazyk:španělština
Vydáno: Madrid Akal 2001
Edice:Akal Teoría Literaria, 3
Témata:
Tagy: Přidat tag
Žádné tagy, Buďte první, kdo vytvoří štítek k tomuto záznamu!

MARC

LEADER 00000nam a2200000 a 4500
001 UCM2729
003 CL-VaPUC
008 020613e20010000SP |||||||||||||||||spa|d
082 0 4 |a 801  |b CUE  |2 21 
100 0 |a Cuesta Abad, José Manuel  |e author  |9 469492 
245 1 3 |a La escritura del instante: una poética de la temporalidad 
300 |a 276 p 
942 |c BK 
945 |d 20020613 00:00:00  |a cmena 
260 |a Madrid  |b Akal  |c 2001 
650 0 |a Filosofía de la literatura  |9 267374 
650 7 |a LENGUAJE LITERARIO  |2 CL-VaPUC  |9 330195 
650 0 |a Poética  |9 266624 
583 |a last modification  |c 20020613 00:00:00  |k Rodrigo Vera 
490 0 |a Akal Teoría Literaria, 3 
999 |c 300450  |d 300448 
952 |0 0  |1 0  |4 0  |6 801_000000000000000_CUE_2001  |7 0  |8 A  |9 358236  |a FDOPOS  |b FDOPOS  |d 2019-11-21  |i 3814289  |o 801 CUE 2001  |p 3814289  |r 2025-01-22  |w 2019-11-21  |y BK  |k MLH